Podnikateľská etika - prístup, perspektíva, výzva
Recenzia publikácie Hanuláková, Eva: Podnikateľská etika - prístup, perspektíva, výzva. Bratislava: Union, 1997. 114 s. Cieľom je zvýrazniť význam etiky a jej miesto pri vytváraní a ovplyvňovaní podmienok rozvoja podnikateľských aktivít. Je určená študentom škôl ekonomického zamerania, manažérom a p...
Salvato in:
| Autore principale: | |
|---|---|
| Natura: | Capitolo di libro |
| Lingua: | slovacco |
| Soggetti: | |
| Tags: |
Nessun Tag, puoi essere il primo ad aggiungerne!!
|
MARC
| LEADER | 00000naa a2200000 4500 | ||
|---|---|---|---|
| 001 | r032575 | ||
| 005 | 20240502071330.9 | ||
| 041 | 0 | |a slo | |
| 044 | |a SK | ||
| 245 | 1 | 0 | |a Podnikateľská etika - prístup, perspektíva, výzva |c Ferdinand Daňo |
| 520 | |a Recenzia publikácie Hanuláková, Eva: Podnikateľská etika - prístup, perspektíva, výzva. Bratislava: Union, 1997. 114 s. Cieľom je zvýrazniť význam etiky a jej miesto pri vytváraní a ovplyvňovaní podmienok rozvoja podnikateľských aktivít. Je určená študentom škôl ekonomického zamerania, manažérom a podnikateľom. | ||
| 610 | 2 | 0 | |a recenzie |
| 610 | 2 | 0 | |a etika podnikateľská |
| 610 | 2 | 0 | |a etika |
| 610 | 2 | 0 | |a marketing |
| 610 | 2 | 0 | |a kódexy |
| 100 | 1 | |a Daňo, Ferdinand, 1959- | |